000 00283nam a2200121Ia 4500
008 240624s9999 xx 000 0 und d
041 _aeng
082 _a658.311087 HAS
100 _aHASSE JIM
245 _aPERFECTLY ABLE
260 _aNew Delhi
_bTata McGraw-Hill
365 _cRS
_b33
999 _c25824
_d25824